03141 2200217 4500001002100000005001500021035002000036007000300056008004100059020002200100082001400122084002000136100001400156245003700170250001100207260003700218300002800255500257800283600003702861990002502898INLIS00000000000101020230210100653 a0010-0223000009ta230210 | f ind  a978-623-90376-9-7 a899.221 3 a899.221 3 DIA c0 aDianafebi1 aCINTA DALAM SUJUDKU /cDianafebi aCet. 1 aYogyakarta :bRains Books,c2020 a288 hlm ;c13,5 x 19 cm aZaki dan Zahra bersahabat dari kecil. Kata orang, tidak ada istilah persahabatan antara laki-laki dan perempuan, pasti ada sebuah cinta yang tersimpan. Itu benar, Zaki mencintai Zahra, si gadis bawel dan tukang pemaksa. Hingga suatu hari, datang seorang laki-laki melamar Zahra di hadapannya Zaki. Patah hati Zaki dia lampiaskan pada khitbahan pada teman kantornya, Risa. Tidak mudah menjalani pernikahan yang pada awalnya tanpa cinta, namun dengan kesabaran dan keikhlasan Risa, Zaki mampu merasakan cinta pada pernikahan mereka meski bayang-bayang Zahra selalu menghantui. Saat pernikahan Zaki dan Risa sempurna, datang berita buruk tentang Zahra yang kemudian menyambung sebuah benang merah, hubungan mereka. Hubungan mereka kian rumit, sulit dan menghimpit, satu-satunya jalan adalah merelakan salah satu di antara Risa dan Zahra. Lalu, siapa yang Zaki pilih? Sinopsis: Novel ini menceritakan persahabatan antara Zaki dan Zahra, persahabatan ini dimulai sejak kecil hingga dewasa. Persahabatan mereka tidak murni, karena ternyata Zaki memendam perasaan kepada Zahra, ada sebuah cinta tersimpan yang tidak sempat terucapkan. Hingga pada suatu hari, ada seseorang yang melamar Zahra di hadapan Zaki, yang membuat ia sangat patah hati. Bisa dikatakan setelah lamaran Zahra, Zaki melampiaskan patah hatinya kepada teman sesama profesinya yang bernama Risa, ia mengkhitbah Risa walau belum mencintainya. Walau sudah menikah, Zaki masih terkunci hatinya, bayang-bayang Zahra selalu ada dalam benaknya. Sebagai istri, Risa merasakan dan mengetahui hal tesebut. Ia terus berusaha mencoba sabar dan ikhlas, ia yakin suaminya pada suatu saat akan mencintainya. Permasalahan demi permasalahan terus Zaki dan Risa hadapi, sulit berhubungan dengan seseorang yang tidak mencintai dan cinta yang bertepuk sebelah tangan itu.  Risa terus sabar menghadapi setiap ujian pernikahannya dan Zaki mulai belajar sedikit demi sedikit untuk mencintai Risa. Ketika sedang belajar mencintai dan bersabar, tiba-tiba sebuah musibah menimpa Zahra, yang membuat dirinya hancur sebab trauma atas kejadian yang dialaminya.  Zaki dengan masih adanya perasaan, rasa iba, tidak suka melihat Zahra menderita dan terpuruk, akhirnya ia mencoba membantu Zahra dengan segala macam hingga bantuan itu menjadi masalah bagi hubungan Zaki dan Risa. Zaki, Risa dan Zahra sama-sama ada pada posisi yang rumit, mereka sama-sama belajar mengenai takdir yang harus mereka hadapi. Hingga pada suatu keputusan yang sulit, mereka dipaksa untuk dewasa, ikhlas, dan sabar menghadapi kenyataannya. 4afiksi Indonesia, prosa Indonesia a01880/PSMUH/Hib/2023